| 000 | 00655nam a22002057a 4500 | ||
|---|---|---|---|
| 005 | 20251108164059.0 | ||
| 008 | 250721s1993 xx 000 0 ara d | ||
| 082 | 1 | 4 | _a530.03/أوك |
| 100 | 1 | _aأوكسلاد، كريس | |
| 245 | 1 | 0 |
_aمعجم الفيزياء المصور : _bأنكليزي - عربي / |
| 264 | 1 |
_aبيروت : _bأكاديميا انترناشيول، _c1993. |
|
| 300 | _a125ص. | ||
| 650 | 1 | 7 | _aالفيزياء |
| 650 | 1 | 7 | _aمعاجم المصطلحات |
| 700 | 1 | _aستوكلي، كورين | |
| 700 | 1 | _aويرتهام، جاني | |
| 700 | 1 |
_aالأيوبي، عمر _eترجمة |
|
| 942 |
_2ddc _cBK |
||
| 999 |
_c3085 _d3085 |
||